000 00266nam a2200109Ia 4500
008 201217s9999 xx 000 0 und d
100 _aLubbock, Basil
245 4 _aThe Colonial Clippers
260 _aGlasgow
_bBrown, Son & Ferguson Ltd.
300 _a393
942 _cBK
999 _c7595
_d7595